| 000 | 00859nam a2200277Ia 4500 | ||
|---|---|---|---|
| 003 | GCL | ||
| 005 | 20240530103142.0 | ||
| 008 | 140319s9999 xx 000 0 ara d | ||
| 040 |
_aGCL / _cGCL |
||
| 082 | 0 | 4 |
_a935.07 _bك أ |
| 100 | 1 | _aكريستنسن, أرثر | |
| 245 | 1 | 0 |
_aايران فى عهد الساسانيين / _cكريستنسن, أرثر |
| 260 |
_aالقاهرة : _bدار النهضة العربية ، _c1982 |
||
| 300 |
_a589 ص ؛ _c24 سم |
||
| 650 | 0 | 4 | _aالفرس |
| 650 | 0 | 4 | _aالحضارة الاسلامية |
| 650 | 0 | 4 | _aايران القديم |
| 650 | 0 | 4 | _aزرادشت |
| 650 | 0 | 4 | _aمانى |
| 650 | 0 | 4 | _aالدولة الساسانية |
| 650 | 0 | 4 | _aمزدك |
| 650 | 0 | 4 | _aكسرى |
| 700 | 1 |
_aعبدالوهاب عزام _eمراجع |
|
| 700 | 1 |
_aيحيى الخشاب _eمترجم |
|
| 942 |
_2ddc _cBK |
||
| 999 |
_c37195 _d37195 |
||